| 000 | 007800000a22001570004500 | ||
|---|---|---|---|
| 090 | _aT G9391e | ||
| 100 | 1 | _aGuevara E., Jorge Enrique | |
| 245 | 1 | 0 | _aEscuela de formación para expositores Bíblicos laicos en la iglesia cristiana El Shaddai del Pacto Evangélico / Jorge Enrrique Guevara E. ; Juan David Guevara E. |
| 260 | _aMedellín : FUSBC | ||
| 300 | _a54 Pag. | ||
| 502 | _aTesis (Licenciatura en Teología Bíblica) - - Fundación Universitaria Seminario Bíblico de Colombia, 2007 | ||
| 520 | _aIdentificación de la necesidad de formar laicos en el Pacto Evangélico / Conocer un modelo actual de formación de predicadores laicos en el país | ||
| 650 | 1 | 4 | _aLAICOS \ EXPOSICION (RETORICA) \ BIBLIA - ENSEÑANZA \ Exposición Bíblica |
| 001 | 14943 | ||
| 942 | _cBK | ||
| 999 |
_c43759 _d43759 |
||